Oracle database10g real application clusters handbook / (Record no. 4106)

MARC details
000 -LEADER
fixed length control field 00576 a2200181 4500
010 ## - LCCN (DPL NO)
LC control number ENG-86096
020 ## - INTERNATIONAL STANDARD BOOK NUMBER
International Standard Book Number 0070637199
Terms of availability 450.00
035 ## - SYSTEM CONTROL NUMBER
System control number EN-69629
037 ## - SOURCE OF ACQUISITION
Source of stock number/acquisition DBAD/ PUB
082 14 - DEWEY DECIMAL CLASSIFICATION NUMBER
Classification number 005.7565
100 1# - MAIN ENTRY--PERSONAL NAME
Personal name Gopalakrishnan, K.
245 1# - TITLE STATEMENT
Title Oracle database10g real application clusters handbook /
Statement of responsibility, etc by K.Gopalkrishnan
260 ## - PUBLICATION, DISTRIBUTION, ETC. (IMPRINT)
Place of publication, distribution, etc New Delhi
Name of publisher, distributor, etc Tata Mc-Graw Hill Publishing
Date of publication, distribution, etc 2007
270 ## - ADDRESS
Address 7, West Patel Nagar
City New Delhi
Postal code 110 008
300 ## - PHYSICAL DESCRIPTION
Extent xxii, 429 p.
Dimensions 23 cm. (Pbk.)
500 ## - GENERAL NOTE
General note Includes index
942 ## - ADDED ENTRY ELEMENTS (KOHA)
Institution code [OBSOLETE] dpl
Item type English Books
Source of classification or shelving scheme Dewey Decimal Classification
Classification part 005.7565
Call number suffix GOP
Holdings
Withdrawn status Lost status Not for loan Collection code Home library Current library Date acquired Source of acquisition Cost, normal purchase price Full call number Barcode Copy number Cost, replacement price Koha item type
    Not For Loan Non-fiction D.B.Act.Division D.B.Act.Division   DBAD/PUB 450.00 005.7565 GOP EN-69629 1 450.00 English Books

© Delhi Public Library
Hit Counter
free hit counter